[Event "MPJ_D18"]
[Site "?"]
[Date "2016.03.15"]
[Round "3.10"]
[White "Kozaczynska, Aleksandra"]
[Black "Dwilewicz, Katarzyna"]
[Result "0-1"]
[BlackElo "1811"]
[WhiteElo "1683"]
[LiveChessVersion "1.4.8"]

1. e4 {[%clk 1:30:58]} e5 {[%clk 1:30:48]} 2. Nf3 {[%clk 1:31:22]} Nc6
{[%clk 1:31:02]} 3. Bc4 {[%clk 1:31:47]} Nf6 {[%clk 1:31:01]} 4. Ng5
{[%clk 1:31:20]} d5 {[%clk 1:30:12]} 5. exd5 {[%clk 1:31:40]} Na5
{[%clk 1:30:11]} 6. Bb5+ {[%clk 1:31:47]} c6 {[%clk 1:29:36]} 7. dxc6
{[%clk 1:31:47]} bxc6 {[%clk 1:29:58]} 8. Qf3 {[%clk 1:31:24]} Be7
{[%clk 1:28:57]} 9. Bxc6+ {[%clk 1:22:01]} Nxc6 {[%clk 1:28:54]} 10. Qxc6+
{[%clk 1:22:26]} Bd7 {[%clk 1:29:18]} 11. Qc4 {[%clk 1:22:19]} O-O
{[%clk 1:29:22]} 12. Nc3 {[%clk 1:19:56]} Bf5 {[%clk 1:03:53]} 13. d3
{[%clk 1:14:30]} Rc8 {[%clk 1:03:57]} 14. Qa6 {[%clk 1:09:58]} Nd5
{[%clk 0:53:06]} 15. Nxd5 {[%clk 0:54:17]} Qxd5 {[%clk 0:50:57]} 16. O-O
{[%clk 0:54:06]} Rxc2 {[%clk 0:50:24]} 17. Ne4 {[%clk 0:53:48]} Rd8
{[%clk 0:43:21]} 18. Be3 {[%clk 0:47:56]} Qxd3 {[%clk 0:36:58]} 19. Qxa7
{[%clk 0:44:38]} Qd7 {[%clk 0:20:58]} 20. Qxd7 {[%clk 0:40:23]} Rxd7
{[%clk 0:21:26]} 21. Ng3 {[%clk 0:37:35]} Bd3 {[%clk 0:21:47]} 22. Rfc1
{[%clk 0:35:20]} f5 {[%clk 0:14:54]} 23. Rxc2 {[%clk 0:32:39]} Bxc2
{[%clk 0:15:22]} 24. Rc1 {[%clk 0:32:51]} Bd3 {[%clk 0:15:50]} 25. f4
{[%clk 0:32:54]} g5 {[%clk 0:12:10]} 26. fxe5 {[%clk 0:20:25]} f4
{[%clk 0:12:31]} 27. e6 {[%clk 0:20:45]} Rd8 {[%clk 0:07:06]} 28. Bb6
{[%clk 0:15:48]} Rb8 {[%clk 0:07:26]} 29. Ba7 {[%clk 0:14:15]} Ra8
{[%clk 0:07:29]} 30. Rc7 {[%clk 0:13:49]} Rxa7 {[%clk 0:06:32]} 31. Rxa7
{[%clk 0:13:18]} Bc5+ {[%clk 0:07:00]} 32. Kh1 {[%clk 0:13:41]} Bxa7
{[%clk 0:07:25]} 33. Nh5 {[%clk 0:13:57]} Bd4 {[%clk 0:07:33]} 34. b3
{[%clk 0:13:10]} Bg6 {[%clk 0:07:39]} 35. Nxf4 {[%clk 0:13:04]} gxf4
{[%clk 0:08:06]} 36. h3 {[%clk 0:13:25]} Be4 {[%clk 0:08:15]} 37. Kh2
{[%clk 0:13:42]} Bd5 {[%clk 0:08:26]} 38. b4 {[%clk 0:13:28]} Bxa2
{[%clk 0:08:47]} 39. g3 {[%clk 0:13:55]} f3 {[%clk 0:09:08]} 40. g4
{[%clk 0:44:17]} Bxe6 {[%clk 0:39:24]} 41. Kg3 {[%clk 0:44:42]} f2
{[%clk 0:39:47]} 0-1

[Event "MPJ_D18"]
[Site "?"]
[Date "2016.03.15"]
[Round "3.11"]
[White "Burakowska, Gabriela"]
[Black "Pluta, Natalia"]
[Result "1-0"]
[BlackElo "1542"]
[WhiteElo "1765"]
[LiveChessVersion "1.4.8"]

1. e4 {[%clk 1:30:59]} c5 {[%clk 1:30:54]} 2. Nf3 {[%clk 1:31:24]} d6
{[%clk 1:31:13]} 3. d4 {[%clk 1:31:50]} cxd4 {[%clk 1:31:31]} 4. Nxd4
{[%clk 1:32:15]} Nf6 {[%clk 1:31:35]} 5. Nc3 {[%clk 1:32:41]} g6 {[%clk 1:31:44]}
6. Be3 {[%clk 1:32:32]} Bg7 {[%clk 1:31:53]} 7. f3 {[%clk 1:32:48]} O-O
{[%clk 1:32:02]} 8. Qd2 {[%clk 1:33:16]} Nc6 {[%clk 1:32:03]} 9. O-O-O
{[%clk 1:33:31]} d5 {[%clk 1:31:50]} 10. Kb1 {[%clk 1:32:01]} Nxd4
{[%clk 1:25:24]} 11. e5 {[%clk 1:32:00]} Nd7 {[%clk 1:22:10]} 12. Bxd4
{[%clk 1:31:58]} Nxe5 {[%clk 1:22:18]} 13. h4 {[%clk 1:31:48]} Nc4
{[%clk 0:56:12]} 14. Bxc4 {[%clk 1:31:09]} dxc4 {[%clk 0:55:53]} 15. Qf4
{[%clk 1:29:04]} Qa5 {[%clk 0:50:11]} 16. Bxg7 {[%clk 1:27:43]} Kxg7
{[%clk 0:50:31]} 17. Nd5 {[%clk 1:18:34]} c3 {[%clk 0:44:50]} 18. Qd4+
{[%clk 1:17:12]} f6 {[%clk 0:44:20]} 19. Nxc3 {[%clk 1:16:49]} Be6
{[%clk 0:43:40]} 20. Qe4 {[%clk 1:16:15]} Bf7 {[%clk 0:33:51]} 21. h5
{[%clk 1:13:27]} b5 {[%clk 0:23:09]} 22. h6+ {[%clk 1:13:06]} Kg8
{[%clk 0:23:13]} 23. Qxe7 {[%clk 1:13:11]} b4 {[%clk 0:20:11]} 24. Nd5
{[%clk 1:13:20]} Qa6 {[%clk 0:16:24]} 25. Nxf6+ {[%clk 1:13:02]} Kh8
{[%clk 0:16:41]} 26. b3 {[%clk 1:13:22]} Qe6 {[%clk 0:15:09]} 27. Rhe1
{[%clk 1:13:23]} Qf5 {[%clk 0:14:21]} 28. Re5 {[%clk 1:12:18]} Qc8
{[%clk 0:10:25]} 29. Ne8 {[%clk 1:10:36]} 1-0

[Event "MPJ_D18"]
[Site "?"]
[Date "2016.03.15"]
[Round "3.12"]
[White "Knapik, Julia"]
[Black "Kotula, Magdalena"]
[Result "1/2-1/2"]
[BlackElo "1502"]
[WhiteElo "1527"]
[LiveChessVersion "1.4.8"]

1. e4 {[%clk 1:30:59]} e5 {[%clk 1:30:53]} 2. Nf3 {[%clk 1:31:23]} d5
{[%clk 1:31:16]} 3. exd5 {[%clk 1:31:47]} Bd6 {[%clk 1:31:41]} 4. d4
{[%clk 1:31:53]} e4 {[%clk 1:31:57]} 5. Ne5 {[%clk 1:32:12]} Nd7 {[%clk 1:31:39]}
6. Bb5 {[%clk 1:31:11]} Ngf6 {[%clk 1:29:06]} 7. c4 {[%clk 1:28:56]} O-O
{[%clk 1:26:31]} 8. Nxd7 {[%clk 1:24:46]} Bxd7 {[%clk 1:26:40]} 9. Bxd7
{[%clk 1:25:08]} Qxd7 {[%clk 1:26:51]} 10. Nc3 {[%clk 1:24:44]} Rfe8
{[%clk 1:25:17]} 11. h3 {[%clk 1:16:32]} a6 {[%clk 1:20:10]} 12. Bg5
{[%clk 1:16:21]} Qf5 {[%clk 1:08:02]} 13. Bxf6 {[%clk 1:03:01]} Qxf6
{[%clk 1:04:42]} 14. O-O {[%clk 0:54:06]} Qf4 {[%clk 0:57:13]} 15. g3
{[%clk 0:53:25]} Qg5 {[%clk 0:54:06]} 16. Qg4 {[%clk 0:50:46]} Qxg4
{[%clk 0:51:36]} 17. hxg4 {[%clk 0:51:09]} e3 {[%clk 0:48:53]} 18. f4
{[%clk 0:48:53]} Bb4 {[%clk 0:37:11]} 19. Ne2 {[%clk 0:44:12]} Bd2
{[%clk 0:35:03]} 20. Kg2 {[%clk 0:44:16]} Re4 {[%clk 0:33:31]} 21. Rh1
{[%clk 0:43:54]} Rae8 {[%clk 0:31:21]} 22. Rh5 {[%clk 0:43:42]} g6
{[%clk 0:28:26]} 23. Rh6 {[%clk 0:41:05]} Kg7 {[%clk 0:28:39]} 24. Rah1
{[%clk 0:41:30]} Rh8 {[%clk 0:28:55]} 25. Kf3 {[%clk 0:41:51]} Re7
{[%clk 0:28:31]} 26. f5 {[%clk 0:42:00]} Rd7 {[%clk 0:23:03]} 27. a4
{[%clk 0:34:07]} Rd6 {[%clk 0:20:27]} 28. g5 {[%clk 0:30:32]} gxf5
{[%clk 0:15:51]} 29. Rxd6 {[%clk 0:30:41]} cxd6 {[%clk 0:16:17]} 30. Rh6
{[%clk 0:30:42]} Rd8 {[%clk 0:15:28]} 31. Kf4 {[%clk 0:30:51]} b6
{[%clk 0:13:42]} 32. Kxf5 {[%clk 0:30:35]} Rd7 {[%clk 0:13:43]} 33. Ke4
{[%clk 0:30:29]} Re7+ {[%clk 0:13:30]} 34. Kd3 {[%clk 0:30:53]} Rd7
{[%clk 0:12:35]} 35. Nf4 {[%clk 0:30:36]} Bc1 {[%clk 0:10:54]} 36. Nh5+
{[%clk 0:27:51]} Kf8 {[%clk 0:11:00]} 37. Rxh7 {[%clk 0:28:02]} e2
{[%clk 0:09:34]} 38. Kxe2 {[%clk 0:28:03]} Bxg5 {[%clk 0:09:47]} 39. Nf4
{[%clk 0:27:49]} Re7+ {[%clk 0:08:24]} 40. Kd3 {[%clk 0:27:56]} Kg8
{[%clk 0:08:00]} 41. Rh1 {[%clk 0:27:25]} Kg7 {[%clk 0:34:04]} 42. b4
{[%clk 0:57:15]} Kf6 43. Rf1 {[%clk 0:56:38]} Kg7 {[%clk 0:32:36]} 44. c5
{[%clk 0:56:15]} dxc5 {[%clk 0:31:23]} 45. dxc5 {[%clk 0:56:38]} bxc5
{[%clk 0:30:39]} 46. bxc5 {[%clk 0:57:03]} Re5 {[%clk 0:29:43]} 47. Kd4
{[%clk 0:55:56]} Bf6 {[%clk 0:28:29]} 48. Kc4 {[%clk 0:54:06]} Re4+
{[%clk 0:27:07]} 49. Kd3 {[%clk 0:53:19]} Rd4+ {[%clk 0:27:02]} 50. Ke3
{[%clk 0:53:25]} Be5 {[%clk 0:25:28]} 51. Nd3 {[%clk 0:49:44]} Rxd5
{[%clk 0:23:43]} 52. Nxe5 {[%clk 0:48:46]} Rxe5+ {[%clk 0:24:11]} 53. Kd4
{[%clk 0:49:10]} Re2 {[%clk 0:24:16]} 54. Rc1 {[%clk 0:49:23]} Rd2+
{[%clk 0:23:51]} 55. Ke5 {[%clk 0:49:16]} Re2+ {[%clk 0:23:30]} 56. Kd6
{[%clk 0:49:41]} Rd2+ {[%clk 0:23:49]} 57. Kc7 {[%clk 0:49:57]} Kf6
{[%clk 0:23:51]} 58. Kb7 {[%clk 0:50:01]} Rb2+ {[%clk 0:23:02]} 59. Kxa6
{[%clk 0:50:14]} Ke7 {[%clk 0:22:53]} 60. c6 {[%clk 0:50:12]} Kd8
{[%clk 0:23:11]} 61. Rc5 {[%clk 0:49:06]} Kc7 {[%clk 0:22:58]} 62. Rc4
{[%clk 0:46:01]} Rb3 {[%clk 0:18:43]} 63. g4 {[%clk 0:46:20]} f6 {[%clk 0:17:58]}
64. Ka5 {[%clk 0:46:26]} Rb2 {[%clk 0:17:25]} 65. Rb4 {[%clk 0:46:17]} Re2
{[%clk 0:16:18]} 66. Rb7+ {[%clk 0:45:36]} Kxc6 {[%clk 0:15:55]} 67. Rb6+
{[%clk 0:45:59]} Kc7 {[%clk 0:15:51]} 68. Rxf6 {[%clk 0:46:25]} Re5+
{[%clk 0:15:54]} 69. Ka6 {[%clk 0:34:45]} Re4 {[%clk 0:16:19]} 70. Rg6
{[%clk 0:34:42]} Rxa4+ {[%clk 0:16:13]} 71. Kb5 {[%clk 0:35:07]} Ra1
{[%clk 0:16:19]} 72. Kc5 {[%clk 0:35:26]} Kd7 {[%clk 0:16:04]} 73. Kd5
{[%clk 0:35:50]} Ke7 {[%clk 0:16:04]} 74. Ke5 {[%clk 0:36:15]} Kf7
{[%clk 0:16:16]} 75. Rc6 {[%clk 0:35:30]} Rg1 {[%clk 0:16:14]} 76. Kf5
{[%clk 0:35:50]} Rf1+ {[%clk 0:16:13]} 77. Kg5 {[%clk 0:36:14]} Rg1
{[%clk 0:16:08]} 78. Rc7+ {[%clk 0:36:06]} Kg8 {[%clk 0:14:51]} 79. Kh5
{[%clk 0:36:14]} Rh1+ {[%clk 0:13:59]} 80. Kg6 {[%clk 0:36:37]} Kf8
{[%clk 0:14:08]} 81. g5 {[%clk 0:36:13]} Rg1 {[%clk 0:14:05]} 82. Rc5
{[%clk 0:35:12]} Rg2 {[%clk 0:13:22]} 83. Rf5+ {[%clk 0:34:11]} Kg8
{[%clk 0:12:50]} 84. Kf6 {[%clk 0:33:10]} Kh7 {[%clk 0:12:19]} 85. Kf7
{[%clk 0:32:23]} Rg1 {[%clk 0:12:19]} 86. g6+ {[%clk 0:32:37]} Rxg6 87. Rh5+
1/2-1/2

[Event "MPJ_D18"]
[Site "?"]
[Date "2016.03.15"]
[Round "3.13"]
[White "Burdzy, Joanna"]
[Black "Glapa, Anna"]
[Result "1-0"]
[BlackElo "1716"]
[WhiteElo "1730"]
[LiveChessVersion "1.4.8"]

1. e4 {[%clk 1:30:56]} c5 {[%clk 1:30:55]} 2. c3 {[%clk 1:31:05]} d5
{[%clk 1:31:01]} 3. exd5 {[%clk 1:31:02]} Qxd5 {[%clk 1:31:23]} 4. d4
{[%clk 1:29:46]} Nf6 {[%clk 1:31:05]} 5. Nf3 {[%clk 1:30:01]} e6 {[%clk 1:30:27]}
6. Be2 {[%clk 1:28:42]} Nc6 {[%clk 1:29:10]} 7. O-O {[%clk 1:27:59]} cxd4
{[%clk 1:29:14]} 8. cxd4 {[%clk 1:27:48]} Be7 {[%clk 1:29:19]} 9. Nc3
{[%clk 1:27:24]} Qd6 {[%clk 1:29:34]} 10. Re1 {[%clk 1:21:14]} O-O
{[%clk 1:29:33]} 11. Bg5 {[%clk 1:13:22]} Nd5 {[%clk 1:16:49]} 12. Ne4
{[%clk 1:11:11]} Qd8 {[%clk 1:14:20]} 13. Bb5 {[%clk 1:03:18]} Qb6
{[%clk 0:59:36]} 14. Bxc6 {[%clk 0:59:42]} Qxc6 {[%clk 0:59:44]} 15. Bxe7
{[%clk 1:00:03]} Nxe7 {[%clk 1:00:01]} 16. Ne5 {[%clk 0:57:06]} Qb5
{[%clk 0:56:53]} 17. a4 {[%clk 0:43:57]} Qd5 {[%clk 0:53:31]} 18. Rc1
{[%clk 0:39:49]} b6 {[%clk 0:52:04]} 19. Qg4 {[%clk 0:27:13]} f5 {[%clk 0:44:22]}
20. Qg5 {[%clk 0:25:41]} fxe4 {[%clk 0:43:39]} 21. Qxe7 {[%clk 0:26:02]} Qxd4
{[%clk 0:43:35]} 22. Ng4 {[%clk 0:24:13]} Qxb2 {[%clk 0:36:42]} 23. Rc7
{[%clk 0:22:42]} h5 {[%clk 0:35:05]} 24. Nh6+ {[%clk 0:22:33]} Kh7
{[%clk 0:34:34]} 25. Qxf8 {[%clk 0:22:25]} Kxh6 {[%clk 0:32:41]} 26. Rxc8
{[%clk 0:20:57]} Rxc8 {[%clk 0:32:09]} 27. Qxc8 {[%clk 0:21:15]} Qe5
{[%clk 0:32:21]} 28. Qc1+ {[%clk 0:20:58]} Kh7 {[%clk 0:31:33]} 29. Qe3
{[%clk 0:21:07]} g6 {[%clk 0:31:47]} 30. Qxe4 {[%clk 0:21:32]} Qa5
{[%clk 0:32:11]} 31. g3 {[%clk 0:20:41]} e5 {[%clk 0:32:28]} 32. Rd1
{[%clk 0:20:50]} Kh6 {[%clk 0:31:58]} 33. Rd6 {[%clk 0:21:04]} 1-0

[Event "MPJ_D18"]
[Site "?"]
[Date "2016.03.15"]
[Round "3.14"]
[White "Bebel, Agnieszka"]
[Black "Godek, Martyna"]
[Result "1-0"]
[BlackElo "1483"]
[WhiteElo "1706"]
[LiveChessVersion "1.4.8"]

1. e4 {[%clk 1:30:56]} e5 {[%clk 1:30:53]} 2. Nf3 {[%clk 1:31:14]} Nc6
{[%clk 1:31:15]} 3. Bb5 {[%clk 1:31:28]} Bc5 {[%clk 1:30:57]} 4. c3
{[%clk 1:31:30]} d6 {[%clk 1:30:28]} 5. d4 {[%clk 1:30:03]} exd4 {[%clk 1:30:50]}
6. cxd4 {[%clk 1:30:20]} Bb4+ {[%clk 1:30:55]} 7. Bd2 {[%clk 1:30:28]} Bxd2+
{[%clk 1:20:48]} 8. Nbxd2 {[%clk 1:30:35]} Bd7 {[%clk 1:20:52]} 9. O-O
{[%clk 1:29:37]} Nge7 {[%clk 1:17:35]} 10. Rc1 {[%clk 1:26:55]} O-O
{[%clk 1:14:26]} 11. h3 {[%clk 1:17:33]} Ng6 {[%clk 1:07:32]} 12. Re1
{[%clk 1:11:14]} Nf4 {[%clk 1:05:25]} 13. e5 {[%clk 1:04:50]} dxe5
{[%clk 0:59:42]} 14. dxe5 {[%clk 1:04:44]} Nb4 {[%clk 0:47:25]} 15. Bxd7
{[%clk 0:58:31]} Qxd7 {[%clk 0:46:49]} 16. Re4 {[%clk 0:56:32]} Nbd3
{[%clk 0:37:28]} 17. Nb3 {[%clk 0:47:07]} Qf5 {[%clk 0:35:52]} 18. Rcc4
{[%clk 0:43:08]} Nxb2 {[%clk 0:33:02]} 19. Qd4 {[%clk 0:36:20]} Nxc4
{[%clk 0:31:02]} 20. Rxf4 {[%clk 0:33:27]} Qb1+ {[%clk 0:28:09]} 21. Kh2
{[%clk 0:33:41]} Nb6 {[%clk 0:26:39]} 22. Rg4 {[%clk 0:30:34]} Rad8
{[%clk 0:18:54]} 23. Qf4 {[%clk 0:28:38]} Kh8 {[%clk 0:11:08]} 24. Nbd4
{[%clk 0:27:53]} Nd5 {[%clk 0:09:36]} 25. Qg3 {[%clk 0:26:58]} g6
{[%clk 0:04:28]} 26. h4 {[%clk 0:24:05]} h5 {[%clk 0:03:51]} 27. Rg5
{[%clk 0:24:20]} Qe4 {[%clk 0:03:08]} 28. e6 {[%clk 0:23:45]} Rd6
{[%clk 0:02:04]} 29. Nf5 {[%clk 0:20:48]} Qf4 {[%clk 0:01:15]} 30. Nxd6
{[%clk 0:17:16]} Qxg3+ {[%clk 0:00:48]} 31. Kxg3 {[%clk 0:17:33]} cxd6
{[%clk 0:00:39]} 32. Rxd5 {[%clk 0:17:50]} fxe6 {[%clk 0:01:03]} 33. Rxd6
{[%clk 0:18:07]} b6 {[%clk 0:00:52]} 34. Rxe6 {[%clk 0:18:27]} Kg7
{[%clk 0:00:57]} 35. Ne5 {[%clk 0:18:08]} Rf6 {[%clk 0:01:07]} 36. Re7+
{[%clk 0:17:11]} Kg8 {[%clk 0:01:20]} 37. Rxa7 {[%clk 0:17:31]} Rd6
{[%clk 0:01:11]} 38. Ra6 {[%clk 0:16:32]} Re6 {[%clk 0:00:56]} 39. Nd7
{[%clk 0:16:31]} Kf7 {[%clk 0:00:47]} 40. Nxb6 {[%clk 0:46:50]} Rc6
{[%clk 0:30:38]} 41. a4 {[%clk 0:46:53]} Ke6 {[%clk 0:30:23]} 42. a5
{[%clk 0:46:57]} Kd6 {[%clk 0:29:31]} 43. Nc4+ {[%clk 0:46:42]} 1-0

[Event "MPJ_D18"]
[Site "?"]
[Date "2016.03.15"]
[Round "3.15"]
[White "Wierzbowska, Aleksandra"]
[Black "Stochnialek, Dominika"]
[Result "1-0"]
[BlackElo "1448"]
[WhiteElo "1685"]
[LiveChessVersion "1.4.8"]

1. d4 {[%clk 1:30:27]} Nf6 {[%clk 1:30:56]} 2. Bg5 {[%clk 1:30:49]} h6
{[%clk 1:22:37]} 3. Bxf6 {[%clk 1:30:32]} gxf6 {[%clk 1:21:14]} 4. e3
{[%clk 1:30:40]} d5 {[%clk 1:17:28]} 5. c4 {[%clk 1:29:06]} c6 {[%clk 1:17:45]}
6. Nc3 {[%clk 1:29:15]} b6 {[%clk 1:10:44]} 7. cxd5 {[%clk 1:26:33]} cxd5
{[%clk 1:11:08]} 8. Bb5+ {[%clk 1:26:39]} Bd7 {[%clk 1:11:33]} 9. Bxd7+
{[%clk 1:26:56]} Qxd7 {[%clk 1:11:56]} 10. Qf3 {[%clk 1:27:20]} e6
{[%clk 1:09:19]} 11. Qxf6 {[%clk 1:27:32]} Rg8 {[%clk 1:09:48]} 12. Qf3
{[%clk 1:27:48]} Nc6 {[%clk 1:09:48]} 13. Nge2 {[%clk 1:27:49]} Na5
{[%clk 1:08:00]} 14. b3 {[%clk 1:25:12]} Bd6 {[%clk 1:06:22]} 15. O-O
{[%clk 1:25:16]} Rg5 {[%clk 1:04:42]} 16. Ng3 {[%clk 1:23:15]} f5
{[%clk 1:01:42]} 17. Nce2 {[%clk 1:22:27]} Qf7 {[%clk 0:59:45]} 18. h4
{[%clk 1:16:22]} Rg4 {[%clk 0:59:33]} 19. h5 {[%clk 1:15:03]} Kd7
{[%clk 0:54:05]} 20. Nf4 {[%clk 1:09:21]} Qf6 {[%clk 0:50:01]} 21. Nxd5
{[%clk 0:59:05]} exd5 {[%clk 0:50:01]} 22. Qxd5 {[%clk 0:59:31]} Rag8
{[%clk 0:49:08]} 23. b4 {[%clk 0:59:04]} Nc6 {[%clk 0:49:13]} 24. Rac1
{[%clk 0:59:20]} Nxb4 {[%clk 0:49:04]} 25. Qb7+ {[%clk 0:58:54]} Ke6
{[%clk 0:49:12]} 26. a3 {[%clk 0:51:33]} Nd5 {[%clk 0:38:39]} 27. Rc8
{[%clk 0:29:11]} R4g7 {[%clk 0:18:44]} 28. Qc6 {[%clk 0:25:48]} Ne7
{[%clk 0:03:13]} 29. Qc4+ {[%clk 0:25:22]} Kd7 {[%clk 0:03:37]} 30. Rxg8
{[%clk 0:24:43]} Rxg8 {[%clk 0:04:00]} 31. Qa4+ {[%clk 0:24:09]} Kd8
{[%clk 0:02:30]} 32. Qxa7 {[%clk 0:21:07]} Bxg3 {[%clk 0:02:34]} 33. fxg3
{[%clk 0:21:32]} Qd6 {[%clk 0:02:29]} 34. Rf3 {[%clk 0:16:15]} Nc8
{[%clk 0:01:39]} 35. Qf7 {[%clk 0:15:42]} Ne7 {[%clk 0:01:25]} 36. Qh7
{[%clk 0:08:31]} b5 {[%clk 0:00:40]} 37. Qf7 Kd7 {[%clk 0:00:35]} 38. Qb3
{[%clk 0:07:58]} Kc6 {[%clk 0:00:32]} 39. Rxf5 {[%clk 0:07:23]} Qxg3
{[%clk 0:00:33]} 40. Qxb5+ {[%clk 0:37:24]} Kd6 {[%clk 0:30:32]} 41. Rf6+
{[%clk 0:22:27]} Kc7 {[%clk 0:30:48]} 42. Qb6+ {[%clk 0:21:25]} Kc8
{[%clk 0:29:02]} 43. Qe6+ {[%clk 0:21:02]} Kb8 {[%clk 0:28:11]} 44. Qd6+
{[%clk 0:19:22]} Qxd6 {[%clk 0:28:25]} 45. Rxd6 {[%clk 0:19:48]} Nf5
{[%clk 0:28:48]} 46. Re6 {[%clk 0:19:59]} Rg5 {[%clk 0:29:02]} 47. Re5
{[%clk 0:19:41]} Kc7 {[%clk 0:29:02]} 48. e4 {[%clk 0:18:19]} 1-0

[Event "MPJ_D18"]
[Site "?"]
[Date "2016.03.15"]
[Round "3.16"]
[White "Trybowska, Anna"]
[Black "Walkowiak, Bogumila"]
[Result "1-0"]
[BlackElo "1265"]
[WhiteElo "1573"]
[LiveChessVersion "1.4.8"]

1. d4 {[%clk 1:30:56]} d5 {[%clk 1:30:53]} 2. c4 {[%clk 1:31:16]} e6
{[%clk 1:31:11]} 3. Nc3 {[%clk 1:31:40]} Nf6 {[%clk 1:31:23]} 4. Bg5
{[%clk 1:32:05]} Be7 {[%clk 1:31:43]} 5. e3 {[%clk 1:32:20]} b6 {[%clk 1:31:08]}
6. a3 {[%clk 1:32:41]} Bb7 {[%clk 1:17:15]} 7. Nf3 {[%clk 1:32:49]} O-O
{[%clk 1:16:47]} 8. Rc1 {[%clk 1:33:07]} c6 {[%clk 0:57:13]} 9. b4
{[%clk 1:30:32]} a5 {[%clk 0:45:43]} 10. c5 {[%clk 1:27:28]} b5 {[%clk 0:41:11]}
11. Bd3 {[%clk 1:25:33]} Nbd7 {[%clk 0:37:48]} 12. Bb1 {[%clk 1:21:35]} Re8
{[%clk 0:34:23]} 13. Qd3 {[%clk 1:21:31]} Nf8 {[%clk 0:32:43]} 14. Ne5
{[%clk 1:20:02]} N6d7 {[%clk 0:25:59]} 15. Bf4 {[%clk 1:14:36]} Nxe5
{[%clk 0:25:45]} 16. Bxe5 {[%clk 1:11:08]} Bf6 {[%clk 0:23:40]} 17. Bg3
{[%clk 1:06:42]} e5 {[%clk 0:20:51]} 18. dxe5 {[%clk 1:04:00]} Bxe5
{[%clk 0:21:13]} 19. O-O {[%clk 1:03:49]} Qf6 {[%clk 0:18:56]} 20. Qd2
{[%clk 0:59:49]} axb4 {[%clk 0:14:07]} 21. axb4 {[%clk 1:00:05]} Rad8
{[%clk 0:04:59]} 22. Bxe5 {[%clk 1:00:15]} Qxe5 {[%clk 0:04:46]} 23. Ne2
{[%clk 0:59:47]} Ng6 {[%clk 0:04:05]} 24. Qd3 {[%clk 0:59:28]} Qe4
{[%clk 0:03:47]} 25. Qa3 {[%clk 0:59:02]} Qg4 {[%clk 0:03:44]} 26. Bxg6
{[%clk 0:57:35]} Qxg6 {[%clk 0:03:19]} 27. Nd4 {[%clk 0:57:50]} Ra8
{[%clk 0:03:16]} 28. Qc3 {[%clk 0:57:48]} Bc8 {[%clk 0:03:25]} 29. Qc2
{[%clk 0:57:05]} Qxc2 {[%clk 0:02:58]} 30. Rxc2 {[%clk 0:57:30]} Bd7
{[%clk 0:03:13]} 31. Rcc1 {[%clk 0:56:54]} Ra4 {[%clk 0:02:53]} 32. Rb1
{[%clk 0:56:36]} f6 {[%clk 0:01:31]} 33. h3 {[%clk 0:56:53]} h5 {[%clk 0:01:33]}
34. Rb2 {[%clk 0:56:53]} Kf7 {[%clk 0:01:33]} 35. Rd1 {[%clk 0:55:51]} g6
{[%clk 0:01:33]} 36. Kf1 {[%clk 0:56:13]} Rea8 {[%clk 0:01:35]} 37. Ke2
{[%clk 0:55:36]} Ra2 {[%clk 0:01:25]} 38. Rxa2 {[%clk 0:55:05]} Rxa2+
{[%clk 0:01:53]} 39. Rd2 {[%clk 0:55:24]} Rxd2+ {[%clk 0:01:57]} 40. Kxd2
{[%clk 1:25:48]} f5 {[%clk 0:30:59]} 41. f3 {[%clk 1:26:07]} Kf6 {[%clk 0:31:07]}
42. Kd3 {[%clk 1:26:24]} Ke5 {[%clk 0:31:11]} 43. Ne2 {[%clk 1:24:49]} Be8
{[%clk 0:30:40]} 44. h4 {[%clk 1:22:37]} Bd7 {[%clk 0:30:59]} 45. Kc3
{[%clk 1:22:26]} Be8 {[%clk 0:31:13]} 46. Nf4 {[%clk 1:19:10]} d4+
{[%clk 0:19:11]} 47. Kd3 {[%clk 1:19:12]} dxe3 {[%clk 0:19:27]} 48. Kxe3
{[%clk 1:19:34]} Bf7 {[%clk 0:19:01]} 49. g3 {[%clk 1:18:10]} Be8
{[%clk 0:18:40]} 50. Kd3 {[%clk 1:16:11]} Bf7 {[%clk 0:18:45]} 51. Nh3
{[%clk 1:15:11]} Be8 {[%clk 0:12:15]} 52. Ng5 {[%clk 1:13:11]} Kd5
{[%clk 0:10:48]} 53. f4 {[%clk 1:04:05]} Bd7 {[%clk 0:11:00]} 54. Nh7
{[%clk 1:04:11]} Ke6 {[%clk 0:09:44]} 55. Nf8+ {[%clk 1:03:59]} Ke7
{[%clk 0:09:51]} 56. Nxg6+ {[%clk 1:04:15]} Kf6 {[%clk 0:09:31]} 57. Ne5
{[%clk 1:04:23]} Be8 {[%clk 0:10:15]} 58. Kd4 {[%clk 1:05:09]} Ke6
{[%clk 0:10:33]} 59. Nd3 {[%clk 1:05:11]} Kf6 {[%clk 0:10:40]} 60. Ne5
{[%clk 1:05:04]} Ke6 {[%clk 0:11:00]} 61. Nf3 {[%clk 1:04:57]} Bd7
{[%clk 0:08:05]} 62. Nd2 {[%clk 1:03:00]} Be8 {[%clk 0:08:15]} 63. Nb3
{[%clk 1:03:23]} Kf6 {[%clk 0:07:19]} 64. Kd3 {[%clk 1:02:29]} Bf7
{[%clk 0:06:46]} 65. Na5 {[%clk 0:59:29]} Be8 {[%clk 0:07:01]} 66. Kd4
{[%clk 0:59:41]} Bd7 {[%clk 0:06:19]} 67. Nb7 {[%clk 1:00:03]} Bc8
{[%clk 0:05:12]} 68. Nd6 {[%clk 1:00:07]} Bd7 {[%clk 0:05:30]} 69. Nxb5
{[%clk 0:55:44]} cxb5 {[%clk 0:04:42]} 70. Kd5 {[%clk 0:56:10]} Ke7
{[%clk 0:04:21]} 71. c6 {[%clk 0:56:26]} Be6+ {[%clk 0:04:00]} 72. Kc5
{[%clk 0:56:39]} Kd8 {[%clk 0:02:38]} 73. Kxb5 {[%clk 0:56:50]} Kc7
{[%clk 0:02:53]} 74. Kc5 {[%clk 0:57:17]} Bb3 {[%clk 0:02:18]} 75. b5
{[%clk 0:57:42]} Ba4 {[%clk 0:02:29]} 76. b6+ {[%clk 0:58:05]} Kb8
{[%clk 0:01:59]} 77. Kd6 1-0

[Event "MPJ_D18"]
[Site "?"]
[Date "2016.03.15"]
[Round "4.1"]
[White "Sliwicka, Alicja"]
[Black "Jedrocha, Katarzyna"]
[Result "1-0"]
[BlackElo "1923"]
[WhiteElo "2093"]
[LiveChessVersion "1.4.8"]

1. e4 {[%clk 1:30:58]} c5 {[%clk 1:30:49]} 2. Nf3 {[%clk 1:31:23]} d6
{[%clk 1:31:15]} 3. d4 {[%clk 1:31:48]} cxd4 {[%clk 1:31:40]} 4. Nxd4
{[%clk 1:32:13]} Nf6 {[%clk 1:32:05]} 5. Nc3 {[%clk 1:32:37]} a6 {[%clk 1:32:31]}
6. Nb3 {[%clk 1:33:00]} e5 {[%clk 1:32:17]} 7. Bg5 {[%clk 1:33:23]} Nbd7
{[%clk 1:28:56]} 8. Qd2 {[%clk 1:30:44]} Be7 {[%clk 1:27:42]} 9. O-O-O
{[%clk 1:29:38]} Qc7 {[%clk 1:25:59]} 10. Kb1 {[%clk 1:23:49]} O-O
{[%clk 1:25:22]} 11. g4 {[%clk 1:21:48]} b5 {[%clk 1:23:32]} 12. Bxf6
{[%clk 1:21:11]} Nxf6 {[%clk 1:23:20]} 13. f3 {[%clk 1:09:52]} Be6
{[%clk 1:15:11]} 14. h4 {[%clk 1:05:34]} b4 {[%clk 1:06:12]} 15. Nd5
{[%clk 1:03:55]} Bxd5 {[%clk 1:05:04]} 16. exd5 {[%clk 1:04:16]} Rfb8
{[%clk 1:02:30]} 17. h5 {[%clk 0:58:35]} Bf8 {[%clk 0:57:39]} 18. g5
{[%clk 0:57:49]} Nd7 {[%clk 0:57:18]} 19. g6 {[%clk 0:53:40]} a5 {[%clk 0:48:51]}
20. Bd3 {[%clk 0:41:53]} a4 {[%clk 0:44:57]} 21. Nc1 {[%clk 0:41:25]} Nc5
{[%clk 0:43:11]} 22. Bf5 {[%clk 0:37:14]} b3 {[%clk 0:34:43]} 23. a3
{[%clk 0:36:41]} bxc2+ {[%clk 0:34:25]} 24. Qxc2 {[%clk 0:36:34]} Kh8
{[%clk 0:26:56]} 25. gxf7 {[%clk 0:36:06]} h6 {[%clk 0:24:07]} 26. Bg6
{[%clk 0:33:10]} Ra7 {[%clk 0:23:14]} 27. Rh2 {[%clk 0:29:27]} Rab7
{[%clk 0:18:50]} 28. Nd3 {[%clk 0:26:18]} Nxd3 {[%clk 0:15:57]} 29. Rxd3
{[%clk 0:23:48]} Qb6 {[%clk 0:15:03]} 30. Rg2 {[%clk 0:23:18]} Qa5
{[%clk 0:11:02]} 31. Qc3 {[%clk 0:21:48]} Qd8 {[%clk 0:09:42]} 32. Rc2
{[%clk 0:19:36]} Qh4 {[%clk 0:08:58]} 33. Qd2 {[%clk 0:18:42]} Qh1+
{[%clk 0:06:21]} 34. Qd1 {[%clk 0:18:27]} Qh4 {[%clk 0:06:21]} 35. Rdc3
{[%clk 0:18:06]} Qd8 {[%clk 0:04:05]} 36. Qc1 {[%clk 0:17:48]} Qa5
{[%clk 0:04:04]} 37. Rc8 {[%clk 0:16:47]} Qb5 {[%clk 0:02:44]} 38. Rxb8
{[%clk 0:16:43]} Rxb8 {[%clk 0:03:13]} 39. Rc8 {[%clk 0:16:38]} Qb3
{[%clk 0:03:12]} 40. Rxb8 {[%clk 0:46:48]} Qxb8 {[%clk 0:33:41]} 41. Qc4
{[%clk 0:45:49]} Qb7 {[%clk 0:31:33]} 42. Qc6 {[%clk 0:44:56]} Qb3
{[%clk 0:30:53]} 43. Qe8 {[%clk 0:44:59]} 1-0